La religione aperta di Aldo Capitini: un'educazione teo-antropo-cosmica
| Main Author: | |
|---|---|
| Format: | Print Article |
| Language: | Italian |
| Check availability: | HBZ Gateway |
| Interlibrary Loan: | Interlibrary Loan for the Fachinformationsdienste (Specialized Information Services in Germany) |
| Published: |
2014
|
| In: |
Religioni e società
Year: 2014, Volume: 29, Issue: 79, Pages: 74-83 |
| Standardized Subjects / Keyword chains: | B
Capitini, Aldo 1899-1968
/ Religious philosophy
|
| RelBib Classification: | CB Christian life; spirituality KBJ Italy |
MARC
| LEADER | 00000caa a2200000 c 4500 | ||
|---|---|---|---|
| 001 | 1641250720 | ||
| 003 | DE-627 | ||
| 005 | 20220616112346.0 | ||
| 007 | tu | ||
| 008 | 141114s2014 xx ||||| 00| ||ita c | ||
| 035 | |a (DE-627)1641250720 | ||
| 035 | |a (DE-576)417061676 | ||
| 035 | |a (DE-599)BSZ417061676 | ||
| 040 | |a DE-627 |b ger |c DE-627 |e rakwb | ||
| 041 | |a ita | ||
| 084 | |a 0 |2 ssgn | ||
| 100 | 1 | |0 (DE-588)1060735806 |0 (DE-627)800964497 |0 (DE-576)41684667X |4 aut |a Pomi, Massimo |d 1962- | |
| 109 | |a Pomi, Massimo 1962- | ||
| 245 | 1 | 3 | |a La religione aperta di Aldo Capitini |b un'educazione teo-antropo-cosmica |c Massimo Pomi |
| 264 | 1 | |c 2014 | |
| 336 | |a Text |b txt |2 rdacontent | ||
| 337 | |a ohne Hilfsmittel zu benutzen |b n |2 rdamedia | ||
| 338 | |a Band |b nc |2 rdacarrier | ||
| 601 | |a Religion | ||
| 652 | |a CB:KBJ | ||
| 689 | 0 | 0 | |d p |0 (DE-588)118992074 |0 (DE-627)079773796 |0 (DE-576)210633360 |2 gnd |a Capitini, Aldo |d 1899-1968 |
| 689 | 0 | 1 | |d s |0 (DE-588)4049415-9 |0 (DE-627)104598581 |0 (DE-576)209081953 |2 gnd |a Religionsphilosophie |
| 689 | 0 | |5 (DE-627) | |
| 773 | 0 | 8 | |i In |t Religioni e società |d Pisa : Serra, 1986 |g 29(2014), 79, Seite 74-83 |w (DE-627)169135985 |w (DE-600)896088-4 |w (DE-576)016231732 |x 0394-9397 |7 nnas |
| 773 | 1 | 8 | |g volume:29 |g year:2014 |g number:79 |g pages:74-83 |
| 951 | |a AR | ||
| ELC | |b 1 | ||
| ITA | |a 1 |t 1 | ||
| LOK | |0 000 xxxxxcx a22 zn 4500 | ||
| LOK | |0 001 3303924619 | ||
| LOK | |0 003 DE-627 | ||
| LOK | |0 004 1641250720 | ||
| LOK | |0 005 20150331154936 | ||
| LOK | |0 008 141114||||||||||||||||ger||||||| | ||
| LOK | |0 040 |a DE-Tue135 |c DE-627 |d DE-Tue135 | ||
| LOK | |0 092 |o n | ||
| LOK | |0 852 |a DE-Tue135 | ||
| LOK | |0 852 1 |9 00 | ||
| LOK | |0 935 |a ixzs | ||
| LOK | |0 936ln |0 1442048786 |a KBJ | ||
| LOK | |0 936ln |0 1442043768 |a CB | ||
| LOK | |0 939 |a 14-11-14 |b l01 | ||
| ORI | |a SA-MARC-ixtheoa001.raw | ||
| REL | |a 1 | ||
| STA | 0 | 0 | |a Religious philosophy,Philosophy of religion,Religion |
| STB | 0 | 0 | |a Philosophie des religions |
| STC | 0 | 0 | |a Filosofía de religión |
| STD | 0 | 0 | |a Filosofia della religione |
| STE | 0 | 0 | |a 宗教哲学 |
| STF | 0 | 0 | |a 宗教哲學 |
| STG | 0 | 0 | |a Filosofia da religião |
| STH | 0 | 0 | |a Философия религии |
| STI | 0 | 0 | |a Φιλοσοφία της θρησκείας |
| SUB | |a REL | ||



